00523nam a2200169Ia 4500008004100000100002000041245004200061245002000103260005900123260000900182300001100191650001800202650001500220856002600235999001900261952007300280170221s9999 xx 000 0 und d aBahire Efe Ozad aPublishing, Principles and Practice  cBahire Efe Ozad bOnline Journal of Communication and Media Technologies c2015 a4 : S1 xCommunication xMedia Arts uhttp://www.ojcmt.net/ c313022d313022 001040aCLbCLd2017-02-21l0r2017-02-21 00:00:00w2017-02-21yFOJ